Can you name Australian States, Cities, Rivers, Lakes, and Physical Features - Statistics

General Stats
  • This quiz has been taken 206 times
  • The average score is 13 of 20
Answer Stats
Hint % Correct
City Sydney
96%
City Melbourne
95%
State New South Wales
93%
State Tasmania
93%
State Victoria
93%
City Perth
92%
State Queensland
92%
State Western Australia
92%
City Brisbane
91%
State Northern Territory
88%
State South Australia
86%
City Canberra
76%
City Darwin
73%
River Darling
46%
Lake Eyre
38%
Desert Great Sandy Desert
24%
Desert Great Victoria Desert
13%
Mountain Kosciusko
12%
Body of water Great Barrier Reef
9%
Lake Torrens
6%
No matching quizzes found
Score Distribution
Percent of People with Each Score
Percentile by Number Answered
Your Score History
You have not taken this quiz